000 00432nam a2200181Ia 4500
001 2762
005 20260306144831.0
008 260306t2011||||xx |||||||||||||| ||spa||
041 _aESP
082 _a226.7
_bG83
100 _aGrün, Anselm
_eAUT
245 0 _aLas bienaventuranzas:
_bun camino de plenitud
260 _c2011
300 _a150 páginas :
_c20 cm.
650 _aGEN
654 _aCHU
942 _cLIB
_dJUS
_fJUS
_2ddc
_n
999 _c2762
_d2762